000 00558nam a2200169 i 4500
001 23411
003 ES-MaACL
005 20230906152852.0
007 t|
008 021210s1959 sp ||||1| spa d
100 1 _aAllen, R. G. D.
_919999
245 1 0 _aAnálisis matemático para economistas /
_cR.G.D. Allen ; traducción, adaptación y notas por Emilio de Figueroa.
260 _aMadrid :
_bAguilar,
_c1959 (
_eBilbao :
_fGrijelmo)
300 _a548 p. :
_bil. ;
_c22 cm.
700 1 _aFigueroa, Emilio de.
_950780
852 _aES-MaACL
_jC-20507
_bR.48881
999 _c23411
_d23411